| 000 | 00710nam a2200229 a 4500 | ||
|---|---|---|---|
| 001 | BRL_457 | ||
| 005 | 20190320210741.0 | ||
| 008 | 140813s1957----mx-a######---#000-0#spa-# | ||
| 041 | _aspa | ||
| 044 | _amx | ||
| 050 | 4 |
_aNK2444 _b.C37 1957 |
|
| 100 | 1 |
_aCarrillo y Gariel, Abelardo _d1898-1976 _923969 |
|
| 245 | 1 | 0 |
_aEvolución del mueble en México _cAbelardo Carrillo y Gariel. |
| 260 |
_aMéxico _bInstitutoNacional de Antropología e Historia _c1957 |
||
| 300 |
_a166 p. _bil. _c23 cm. |
||
| 440 | 0 |
_aDirección de Monumentos Coloniales _pPublicaciones _v4 _923970 |
|
| 500 | _aAu489 | ||
| 500 | _aTiene la cubierta desprendida. | ||
| 650 | 1 | 4 |
_aMuebles _zMéxico _923971 |
| 902 | _aGRL | ||
| 942 |
_2lcc _cB |
||
| 999 |
_c9269 _d9269 |
||